Переписка с администрацией русской драматической труппы

Доступно только в Электронных читальных залах Найти на картеНа карте
RUSMARC
00003727nmc2a22002413x 450
001b300fb56-a1e4-412e-b6c0-7036d47f263e
00520201023232520.0
100##$a20200311l19171917k l0rusy0189 ca
1010#$arus
102##$aRU
105##$ay###
1222#$ad
2001#$aПереписка с администрацией русской драматической труппы
$j1 мая - 28 декабря 1917 г.
$e[списки служащих на выдачу содержания]
215##$a32 л.
$d36,5х26 см
251##$cДело
300##$aНа бланке обложки указано: "Дело Петроградской конторы императорских театров"
371##$aДокумент не является опубликованным и широко распространяемым
461#0$10019264ebf8-de62-4f1a-9eb4-9f22098dbbd5
$12001
$aДирекция императорских театров МИДв
$1251
$cФонд
$1852
$j497
462#0$10016d2858c7-947f-46a8-934e-c3d97596ebca
$12001
$aДирекция императорских театров (1879-1918 гг.)
$1251
$cОпись
$1852
$j6
801#0$aRU
$bРГИА
$c20200311
$gRCR
801#1$aRU
$bГлавНИВЦ
$c20200311
$2rusmarc
801#2$aRU
$bПБ им. Б.Н. Ельцина
$c20201023
$gRCR
$2rusmarc
850##$aРГИА
852##$aРГИА
$eФедеральное казенное учреждение "Российский государственный исторический архив" (РГИА)
$j5120
937##$hРГИА
$d12340190
$aASBIBLIO_SCAN
035##$aRusGRCC00003197
856##$uhttp://readingroom.main.prlib.ru/item.aspx?id_node=n149747699&mode=full
Формат отображения